000
00273nam a22001097a 4500
008
170104b xxu||||| |||| 00| 0 eng d
020
_a
9781416001713
041
_a
eng
080
_a
618.2
245
_a
UNDERSTANDING HOSPITAL BILLING AND CODING
_c
fERENC, D.P
942
_2
udc
_c
BK
999
_c
2521
_d
2521